[Event "Finistere-chT 0102"]
[Site "Finistere"]
[Date "2002.01.26"]
[Round "4.19"]
[White "Quere, Frederic"]
[Black "Nozachmeur, Stephane"]
[Result "1-0"]
[WhiteElo "1499"]
[BlackElo "1499"]
[PlyCount "109"]
[EventDate "2001.??.??"]
[EventType "team"]
[EventRounds "7"]
[EventCountry "FRA"]
[SourceTitle "EXT 2003"]
[Source "ChessBase"]
[SourceDate "2002.11.25"]
[SourceVersion "1"]
[SourceVersionDate "2002.11.25"]
[SourceQuality "1"]

1. c4 d5 2. cxd5 Qxd5 3. Nc3 Qc5 4. g3 Nf6 5. h3 b6 6. Bg2 c6 7. Nf3 e6 8. 0-0 Bd6 9. d4 Qf5 10. Re1 0-0 11. e4 Nxe4 12. Nxe4 Bb4 13. Bd2 a5 14. Bxb4 axb4 15. Nd6 Qd5 16. Nxc8 Rxc8 17. b3 Nd7 18. Ne5 Qd6 19. Qf3 Nxe5 20. dxe5 Qd5 21. Qxd5 cxd5 22. Red1 Ra5 23. f4 Rc2 24. Rd4 Rcxa2 25. Rxa2 Rxa2 26. Rxb4 Ra6 27. Bf1 Ra8 28. Rxb6 g6 29. b4 Ra3 30. Kh2 d4 31. Rd6 Ra2+ 32. Bg2 Rd2 33. b5 d3 34. b6 Rb2 35. b7 d2 36. Rd8+ Kg7 37. Rxd2 Rxb7 38. Bxb7 f6 39. Rd7+ Kf8 40. Rxh7 fxe5 41. fxe5 g5 42. h4 g4 43. Bc8 Kg8 44. Ra7 Kf8 45. Bxe6 Ke8 46. h5 Kf8 47. Bxg4 Kg8 48. h6 Kh8 49. Bf5 Kg8 50. h7+ Kh8 51. Ra8+ Kg7 52. h8Q+ Kf7 53. Qh6 Ke7 54. Ra7+ Ke8 55. Qh8# 1-0